[Event "4NCL Division 3s"]
[Site "Daventry Court ENG"]
[Date "2013.11.16"]
[Round "1.158"]
[White "Jarvis, Derek A"]
[Black "Tarr, Steve F"]
[Result "1-0"]
[WhiteElo "1859"]
[BlackElo "1737"]
[PlyCount "49"]
[EventDate "2013.11.16"]
[WhiteTeam "Ashfield-Breadsall"]
[BlackTeam "Shropshire"]

1. e4 c5 2. Nf3 d6 3. Bb5+ Bd7 4. Bxd7+ Qxd7 5. O-O Nc6 6. c3 Nf6 7. Qe2 e6 8.
d4 cxd4 9. cxd4 Be7 10. Nc3 O-O 11. h3 Rfe8 12. Bf4 e5 13. dxe5 dxe5 14. Nxe5
Nxe5 15. Bxe5 Qe6 16. f4 Bc5+ 17. Kh1 Nd7 18. Rad1 Nxe5 19. fxe5 Rad8 20. Nd5
Qxe5 21. Rf5 Qxe4 22. Qxe4 Rxe4 23. Nf6+ gxf6 24. Rxd8+ Kg7 25. Rxc5 1-0

[Event "4NCL Division 3s"]
[Site "Daventry Court ENG"]
[Date "2013.11.16"]
[Round "1.159"]
[White "Lewis, Christopher D"]
[Black "Taylor, Robert P"]
[Result "1-0"]
[WhiteElo "1715"]
[BlackElo "1917"]
[PlyCount "64"]
[EventDate "2013.11.16"]
[WhiteTeam "Shropshire"]
[BlackTeam "Ashfield-Breadsall"]

1. e4 e5 2. Nf3 Nc6 3. Bc4 d6 4. d4 exd4 5. Nxd4 Nxd4 6. Qxd4 Qf6 7. Qd3 Be6 8.
Nc3 c6 9. O-O Ne7 10. Bxe6 Qxe6 11. Bf4 Ng6 12. Bg3 Ne5 13. Qd4 h5 14. h3 Qf6
15. Rad1 Rh6 16. f4 Qg6 17. Bh2 Nd7 18. f5 Qf6 19. e5 Nxe5 20. Bxe5 Qxe5 21.
Rfe1 Qxe1+ 22. Rxe1+ Kd7 23. Ne4 b6 24. Ng5 d5 25. Qe5 f6 26. Qe6+ Kc7 27. Nf3
Rc8 28. Qf7+ Kb8 29. Re8 Rh8 30. Rxc8+ Kxc8 31. Qe8+ Kc7 32. Kf1 c5 1-0

[Event "4NCL Division 3s"]
[Site "Daventry Court ENG"]
[Date "2013.11.16"]
[Round "1.165"]
[White "Page, Mark E"]
[Black "Donaghay, Richard H"]
[Result "1/2-1/2"]
[WhiteElo "2100"]
[BlackElo "1969"]
[PlyCount "117"]
[EventDate "2013.11.16"]
[WhiteTeam "Warwickshire Select 2"]
[BlackTeam "Iceni 2"]

1. e4 d6 2. f4 Nf6 3. Nc3 Bg4 4. Be2 Bxe2 5. Qxe2 e5 6. Nf3 Nbd7 7. O-O c6 8.
d3 Qc7 9. a4 Be7 10. Kh1 Ng4 11. Ng5 Ngf6 12. Bd2 h6 13. Nf3 Nf8 14. d4 N8d7
15. a5 a6 16. b4 O-O 17. Rab1 Rae8 18. Rfd1 Bd8 19. dxe5 dxe5 20. f5 c5 21. Nd5
Nxd5 22. exd5 e4 23. Ng1 Qe5 24. Nh3 e3 25. Be1 cxb4 26. Bxb4 Bc7 27. d6 Bxa5
28. Bxa5 Qxa5 29. Nf4 Qxf5 30. Nd5 Qf2 31. Qxf2 exf2 32. Ne7+ Kh7 33. g3 Nc5
34. Kg2 Rd8 35. Rb4 Rd7 36. Rc4 b6 37. Kxf2 Rfd8 38. Rcd4 Rxd6 39. Rxd6 Rxd6
40. Rxd6 Ne4+ 41. Ke3 Nxd6 42. Kd4 a5 43. Nd5 Nc8 44. c4 Kg8 45. c5 bxc5+ 46.
Kxc5 Kf8 47. Kb5 Nd6+ 48. Kxa5 Nc4+ 49. Kb4 Nd2 50. Ne3 Nf3 51. h4 Ke7 52. Kc3
Ke6 53. Kd3 f5 54. Ke2 Ne5 55. Ng2 g5 56. hxg5 hxg5 57. Ne3 Ng4 58. Nxg4 fxg4
59. Ke3 1/2-1/2

[Event "4NCL Division 3s"]
[Site "Daventry Court ENG"]
[Date "2013.11.16"]
[Round "1.178"]
[White "Taylor, John Paul J"]
[Black "Hung, Jake"]
[Result "1-0"]
[WhiteElo "1960"]
[BlackElo "1671"]
[PlyCount "81"]
[EventDate "2013.11.16"]
[WhiteTeam "Bristol 2"]
[BlackTeam "Barnet Knights 1"]

1. e4 c6 2. d4 d5 3. Nc3 dxe4 4. Nxe4 Bf5 5. Ng3 Bg6 6. h4 h6 7. h5 Bh7 8. Nf3
Nd7 9. Bd3 Bxd3 10. Qxd3 Ngf6 11. Bd2 e6 12. O-O-O Bd6 13. Kb1 Qc7 14. Rh4
O-O-O 15. Re1 Kb8 16. Qb3 c5 17. dxc5 Nxc5 18. Qc3 Nd5 19. Qxg7 Rdg8 20. Qd4
Nd7 21. Ne4 Be7 22. c4 Bxh4 23. cxd5 e5 24. d6 Qc2+ 25. Kxc2 exd4 26. Nxh4 Ne5
27. Nc5 d3+ 28. Nxd3 Rc8+ 29. Bc3 Nxd3 30. Kxd3 Rhd8 31. Nf5 Rc6 32. Be5 Rc5
33. Kd4 Rc2 34. Bf6 Rd7 35. Re8+ Rc8 36. Rxc8+ Kxc8 37. Kd5 b6 38. b4 a5 39. b5
Rb7 40. a4 Kd7 41. Nxh6 1-0

[Event "4NCL Division 3s"]
[Site "Daventry Court ENG"]
[Date "2013.11.16"]
[Round "1.179"]
[White "Balouka-Myers, Gabriel"]
[Black "White, Martin J"]
[Result "1/2-1/2"]
[WhiteElo "1589"]
[BlackElo "1859"]
[PlyCount "49"]
[EventDate "2013.11.16"]
[WhiteTeam "Barnet Knights 1"]
[BlackTeam "Bristol 2"]

1. e4 c5 2. Nc3 g6 3. f4 Bg7 4. Nf3 Nc6 5. Bc4 e6 6. d3 Nge7 7. O-O O-O 8. Qe1
d5 9. Bb3 Na5 10. Qh4 Nxb3 11. axb3 Nc6 12. Qg3 Nd4 13. Nxd4 cxd4 14. Nd1 f5
15. e5 Qb6 16. Bd2 Bd7 17. Nf2 Rfc8 18. Rfc1 a5 19. Nh3 a4 20. bxa4 Rxa4 21.
Rxa4 Bxa4 22. b3 Bd7 23. Ng5 Ra8 24. Nf3 Ra2 25. Qh4 1/2-1/2

[Event "4NCL Division 3s"]
[Site "Daventry Court ENG"]
[Date "2013.11.16"]
[Round "1.185"]
[White "Thorarinsson, Pall A"]
[Black "Truran, Michael C"]
[Result "1/2-1/2"]
[WhiteElo "2226"]
[BlackElo "2179"]
[PlyCount "93"]
[EventDate "2013.11.16"]
[WhiteTeam "Fermented Sharks"]
[BlackTeam "Witney"]

1. e4 c5 2. Nf3 Nc6 3. Bb5 e5 4. O-O Nge7 5. c3 g6 6. d4 cxd4 7. cxd4 exd4 8.
Nxd4 Bg7 9. Nf3 O-O 10. Nc3 a6 11. Bc4 b5 12. Bb3 b4 13. Nd5 Nxd5 14. Bxd5 Bb7
15. Bg5 Bf6 16. h4 Bxg5 17. hxg5 Qe7 18. Qd2 Rab8 19. Qf4 d6 20. Rac1 Ne5 21.
Bxb7 Rxb7 22. Rfd1 f6 23. Nxe5 dxe5 24. gxf6 Rxf6 25. Rc8+ Kg7 26. Qd2 Rf8 27.
Rc6 Rf6 28. Rc8 Rf8 29. Rxf8 Qxf8 30. Qd6 Qxd6 31. Rxd6 Rc7 32. Rxa6 Rc1+ 33.
Kh2 Rc2 34. f3 Rxb2 35. Rb6 h6 36. Kh3 Kf7 37. g4 Rxa2 38. Rxb4 Ra3 39. Kg3 Kf6
40. Rb6+ Kf7 41. Rb7+ Kf6 42. Rb6+ Kf7 43. Rd6 Rb3 44. Rd5 Kf6 45. Rd6+ Kf7 46.
Rd5 Kf6 47. Rd6+ 1/2-1/2

[Event "4NCL Division 3s"]
[Site "Daventry Court ENG"]
[Date "2013.11.16"]
[Round "1.186"]
[White "Asenov, Pavel"]
[Black "Farkas, Daniel"]
[Result "0-1"]
[WhiteElo "1896"]
[BlackElo "2118"]
[PlyCount "100"]
[EventDate "2013.11.16"]
[WhiteTeam "Witney"]
[BlackTeam "Fermented Sharks"]

1. Nf3 d5 2. d4 Nc6 3. c4 Bg4 4. e3 e5 5. cxd5 Qxd5 6. Nc3 Bb4 7. Be2 exd4 8.
exd4 Nge7 9. O-O Bxc3 10. bxc3 Qd7 11. Be3 O-O 12. c4 Nf5 13. d5 Bxf3 14. Bxf3
Ne5 15. Bc5 Rfe8 16. Be2 b6 17. Ba3 Rad8 18. Bb2 Qd6 19. Qc2 Qg6 20. Bxe5 Rxe5
21. Bd3 Qh5 22. Bxf5 Rxf5 23. f4 c6 24. h3 Rf6 25. Rae1 cxd5 26. Re5 Qg6 27.
Qxg6 hxg6 28. Rxd5 Rc8 29. Rd4 Rfc6 30. Rc1 b5 31. c5 Rxc5 32. Rxc5 Rxc5 33.
Rd8+ Kh7 34. Rd7 Rf5 35. Rxa7 Rxf4 36. Ra5 Rb4 37. Kf2 g5 38. g4 Kg6 39. Ra6+
f6 40. Kf3 Rf4+ 41. Kg3 Ra4 42. Rxa4 bxa4 43. Kf3 Kf7 44. Ke3 g6 45. Ke4 Ke6
46. a3 f5+ 47. Kd4 Kd6 48. Kc4 Ke5 49. Kd3 Kf4 50. Kc4 Kg3 0-1

[Event "4NCL Division 3s"]
[Site "Daventry Court ENG"]
[Date "2013.11.16"]
[Round "1.190"]
[White "Holton, Jake"]
[Black "Millward, Kevin P"]
[Result "0-1"]
[WhiteElo "1444"]
[BlackElo "1946"]
[PlyCount "90"]
[EventDate "2013.11.16"]
[WhiteTeam "Witney"]
[BlackTeam "Fermented Sharks"]

1. d4 d6 2. c4 e5 3. dxe5 dxe5 4. Qxd8+ Kxd8 5. Nf3 f6 6. Nc3 Be6 7. e3 Nd7 8.
Be2 c6 9. O-O Kc7 10. Ne4 Nh6 11. Bd2 Nf7 12. b4 Be7 13. a3 f5 14. Nc3 Nb6 15.
c5 Nc4 16. Bc1 Rhd8 17. Rd1 b6 18. cxb6+ axb6 19. b5 Rxd1+ 20. Bxd1 Bb4 21. Ne2
Nxa3 22. bxc6 Ra5 23. Bb2 Nc4 24. Rxa5 bxa5 25. Ba1 Kxc6 26. Ba4+ Kd6 27. Nc1
Bd5 28. Nd3 Ba3 29. Nde1 Bb2 30. Nc2 Nd8 31. Nd2 Bxa1 32. Nxc4+ Bxc4 33. Nxa1
Nb7 34. Nb3 Bxb3 35. Bxb3 Nc5 36. Ba2 a4 37. Kf1 Nd3 38. Bb1 a3 39. h3 Nb4 40.
g4 g6 41. gxf5 gxf5 42. f4 a2 43. fxe5+ Kxe5 44. Bxa2 Nxa2 45. Kf2 Ke4 0-1

[Event "4NCL Division 3s"]
[Site "Daventry Court ENG"]
[Date "2013.11.16"]
[Round "1.197"]
[White "Jackson, Gary C"]
[Black "Truman, Richard G"]
[Result "0-1"]
[WhiteElo "1864"]
[BlackElo "1923"]
[PlyCount "106"]
[EventDate "2013.11.16"]
[WhiteTeam "Banbury Bulldogs"]
[BlackTeam "e2e4.org.uk 3"]

1. e4 c5 2. Nf3 e6 3. d4 cxd4 4. Nxd4 a6 5. Be3 Nf6 6. f3 Qc7 7. Nc3 Bb4 8. Bd2
O-O 9. Nce2 Bd6 10. g3 Bc5 11. Nb3 Be7 12. Bc3 Nc6 13. Ned4 d6 14. Qe2 Bd7 15.
O-O-O b5 16. Nxc6 Qxc6 17. Nd4 Qb6 18. g4 b4 19. Be1 Rfc8 20. Bf2 Qa5 21. Kb1
Bb5 22. Qd2 Bc4 23. Nb3 Qb5 24. h4 e5 25. h5 a5 26. g5 Nd7 27. g6 a4 28. Bxc4
Qxc4 29. Na1 a3 30. b3 Qc3 31. Qxc3 Rxc3 32. gxh7+ Kxh7 33. Be1 Rxf3 34. Bxb4
Nf6 35. Rd3 Rf2 36. Re1 Ra6 37. Rd2 Rf4 38. Rde2 Nxh5 39. c4 Bh4 40. Rg1 Ng3
41. Reg2 Rxe4 42. Be1 Nf5 43. Rh2 Kg8 44. Bb4 d5 45. Rd1 dxc4 46. bxc4 Rxc4 47.
Be1 Rb6+ 48. Nb3 Rh6 49. Ba5 Bg5 50. Re2 Bf4 51. Ree1 Rh2 52. Nd2 Rc5 53. Bd8
Rxd2 0-1

[Event "4NCL Division 3s"]
[Site "Daventry Court ENG"]
[Date "2013.11.16"]
[Round "1.205"]
[White "Stewart, Joseph J"]
[Black "Ireland, David J"]
[Result "1-0"]
[WhiteElo "2193"]
[BlackElo "1930"]
[PlyCount "83"]
[EventDate "2013.11.16"]
[WhiteTeam "Gloucestershire Gambits"]
[BlackTeam "Throw in the Tal"]

1. e4 e5 2. Nf3 Nf6 3. Nxe5 Nxe4 4. Qe2 Qe7 5. Qxe4 d6 6. d4 dxe5 7. Qxe5 Qxe5+
8. dxe5 Nc6 9. Bf4 Nb4 10. Na3 Bf5 11. c3 Nd3+ 12. Bxd3 Bxd3 13. O-O-O O-O-O
14. Nc2 Be7 15. Rhe1 g5 16. Be3 g4 17. Nd4 Bg6 18. f4 gxf3 19. Nxf3 Rhe8 20.
Rxd8+ Kxd8 21. Bg5 Bxg5+ 22. Nxg5 Ke7 23. Kd2 Rd8+ 24. Ke3 Rd3+ 25. Ke2 Rd5 26.
Kf2 c5 27. Nf3 Ke6 28. c4 Rd8 29. g4 h6 30. Ke3 a6 31. Rc1 b6 32. Kf4 Rd7 33.
h4 a5 34. h5 Bh7 35. g5 a4 36. Re1 Rd3 37. gxh6 f6 38. exf6+ Kxf6 39. Re8 a3
40. bxa3 Rxa3 41. Ng5 Ra7 42. Re6# 1-0

[Event "4NCL Division 3s"]
[Site "Daventry Court ENG"]
[Date "2013.11.16"]
[Round "1.215"]
[White "Ukken, Somton"]
[Black "Feavyour, John A"]
[Result "1/2-1/2"]
[WhiteElo "1915"]
[BlackElo "2048"]
[PlyCount "53"]
[EventDate "2013.11.16"]
[WhiteTeam "Midland Monarchs"]
[BlackTeam "Iceni 1"]

1. d4 d5 2. c4 c6 3. Nf3 Nf6 4. Nc3 dxc4 5. a4 Bf5 6. e3 e6 7. Bxc4 Bb4 8. O-O
O-O 9. Qb3 Qe7 10. h3 h6 11. Bd2 a5 12. Na2 Bd6 13. Bd3 Ne4 14. Qc2 Nxd2 15.
Qxd2 Bxd3 16. Qxd3 Nd7 17. Nc3 Rad8 18. Qe2 Rfe8 19. Rfd1 e5 20. dxe5 Nxe5 21.
Nd4 Bc7 22. Rac1 Ng6 23. Nf3 Bb6 24. Qc2 Qe6 25. Rxd8 Rxd8 26. Rd1 Qe7 27. Ne2
1/2-1/2

[Event "4NCL Division 3s"]
[Site "Daventry Court ENG"]
[Date "2013.11.16"]
[Round "1.217"]
[White "Evans, Nicholas T"]
[Black "Reynolds, D Ian W"]
[Result "1/2-1/2"]
[WhiteElo "1794"]
[BlackElo "2010"]
[PlyCount "73"]
[EventDate "2013.11.16"]
[WhiteTeam "Midland Monarchs"]
[BlackTeam "Iceni 1"]

1. d4 Nf6 2. Nf3 g6 3. c4 Bg7 4. g3 O-O 5. Bg2 d6 6. O-O Nbd7 7. Nc3 c6 8. h3
e5 9. e4 Re8 10. Be3 Qe7 11. Qc2 b6 12. b3 Bb7 13. Rad1 Rad8 14. Rfe1 Nf8 15.
b4 exd4 16. Nxd4 Ne6 17. Nb3 Qc7 18. a4 d5 19. exd5 cxd5 20. c5 bxc5 21. Nxc5
Nxc5 22. Bxc5 Rxe1+ 23. Rxe1 a6 24. Qd2 d4 25. Re7 Rd7 26. Rxd7 Nxd7 27. Bxd4
Bxg2 28. Kxg2 Qd6 29. Be3 Qc6+ 30. Qd5 Qc7 31. Ne4 Nb6 32. Bxb6 Qxb6 33. Qa8+
Bf8 34. Nf6+ Kg7 35. Nd7 Qxb4 36. Nxf8 Qxa4 37. Nd7 1/2-1/2

[Event "4NCL Division 3s"]
[Site "Daventry Court ENG"]
[Date "2013.11.16"]
[Round "1.218"]
[White "Davison, Chris"]
[Black "Mirza, Gabriel"]
[Result "1-0"]
[WhiteElo "1927"]
[BlackElo "1750"]
[PlyCount "77"]
[EventDate "2013.11.16"]
[WhiteTeam "Iceni 1"]
[BlackTeam "Midland Monarchs"]

1. e4 Nc6 2. d4 e5 3. Nf3 exd4 4. Nxd4 Qf6 5. Be3 Bc5 6. c3 a6 7. Nc2 Qe7 8.
Nd2 Nf6 9. Bxc5 Qxc5 10. Ne3 h5 11. h3 b5 12. a4 Bb7 13. Nb3 Qe5 14. Bd3 d6 15.
axb5 axb5 16. Rxa8+ Bxa8 17. O-O g5 18. Qe2 O-O 19. Nd2 b4 20. Nf3 Qc5 21. Nf5
Nh7 22. N3d4 Nf6 23. Qd2 Nh7 24. Rc1 Qe5 25. Nf3 Qf6 26. cxb4 g4 27. hxg4 hxg4
28. Nh2 Ne5 29. Bb1 Ng5 30. Qf4 Nef3+ 31. Nxf3 gxf3 32. Qg3 Re8 33. Rxc7 Rd8
34. Qh4 Bxe4 35. Bxe4 Nxe4 36. Nh6+ Kh8 37. Nxf7+ Kg8 38. Qxf6 Nxf6 39. Nxd8
1-0

[Event "4NCL Division 3s"]
[Site "Daventry Court ENG"]
[Date "2013.11.16"]
[Round "1.219"]
[White "Jina, Taran"]
[Black "Savage, Nicholas W"]
[Result "1/2-1/2"]
[WhiteElo "1674"]
[BlackElo "1966"]
[PlyCount "60"]
[EventDate "2013.11.16"]
[WhiteTeam "Midland Monarchs"]
[BlackTeam "Iceni 1"]

1. e4 e5 2. Nf3 Nc6 3. Bc4 Nf6 4. d3 h6 5. O-O d6 6. c3 g6 7. Re1 Bg7 8. d4 O-O
9. Bb3 Bg4 10. d5 Ne7 11. h3 Bd7 12. Nbd2 Nh5 13. Nf1 Qe8 14. Bc2 f5 15. exf5
Bxf5 16. c4 Bxc2 17. Qxc2 Nf4 18. Qe4 Qf7 19. Bxf4 Qxf4 20. Qxf4 Rxf4 21. N3d2
Raf8 22. Ne4 h5 23. g3 R4f7 24. h4 Bh6 25. Rad1 Nf5 26. Kg2 Nd4 27. Ne3 Rf3 28.
Nf1 Nc2 29. Re2 Nd4 30. Ree1 Nc2 1/2-1/2

[Event "4NCL Division 3s"]
[Site "Daventry Court ENG"]
[Date "2013.11.16"]
[Round "1.225"]
[White "Smart, Michael R"]
[Black "Graham, David B"]
[Result "0-1"]
[WhiteElo "2023"]
[BlackElo "2147"]
[PlyCount "82"]
[EventDate "2013.11.16"]
[WhiteTeam "Guildford 4"]
[BlackTeam "Sussex Smart Survivors 1"]

1. e4 e6 2. d4 d5 3. Nd2 Nf6 4. e5 Nfd7 5. Bd3 c5 6. c3 Nc6 7. Ne2 cxd4 8. cxd4
f6 9. exf6 Qxf6 10. Nf3 Bb4+ 11. Bd2 Bxd2+ 12. Qxd2 O-O 13. O-O e5 14. Nc3 Nb6
15. dxe5 Nxe5 16. Nxe5 Qxe5 17. Rae1 Qd6 18. Qg5 h6 19. Qe7 Qxe7 20. Rxe7 Rf7
21. Re8+ Rf8 22. Bh7+ Kf7 23. Bg6+ Kg8 24. Re7 d4 25. Ne2 Nd5 26. Re5 Bg4 27.
Nxd4 Nf4 28. Bf5 Bxf5 29. Rxf5 Ne2+ 30. Nxe2 Rxf5 31. Nc3 Rd8 32. f4 Rd2 33. g4
Rf7 34. f5 Rxb2 35. Re1 Rc7 36. Nd5 Rcc2 37. Ne7+ Kf7 38. Ng6 Rxa2 39. Kh1
Rxh2+ 40. Kg1 Rag2+ 41. Kf1 Rh1+ 0-1

[Event "4NCL Division 3s"]
[Site "Daventry Court ENG"]
[Date "2013.11.16"]
[Round "1.226"]
[White "Bucher, Grant W"]
[Black "Punnett, Alan K"]
[Result "0-1"]
[WhiteElo "2066"]
[BlackElo "2043"]
[PlyCount "28"]
[EventDate "2013.11.16"]
[WhiteTeam "Sussex Smart Survivors 1"]
[BlackTeam "Guildford 4"]

1. e4 e6 2. d4 d5 3. Nd2 Be7 4. Ngf3 Nf6 5. Bd3 c5 6. e5 Nfd7 7. c3 Nc6 8. O-O
a5 9. Re1 cxd4 10. cxd4 Qb6 11. Qa4 g5 12. Nb3 g4 13. Nfd2 Qc7 14. Bb1 b5 0-1

[Event "4NCL Division 3s"]
[Site "Daventry Court ENG"]
[Date "2013.11.16"]
[Round "1.227"]
[White "Shepley, Julien M"]
[Black "Cumming, Rhys"]
[Result "0-1"]
[WhiteElo "1993"]
[BlackElo "2021"]
[PlyCount "118"]
[EventDate "2013.11.16"]
[WhiteTeam "Guildford 4"]
[BlackTeam "Sussex Smart Survivors 1"]

1. e4 c5 2. b3 Nc6 3. Bb2 e5 4. Nf3 d6 5. Bc4 g6 6. d3 Bg7 7. O-O h6 8. c3 Nf6
9. Re1 O-O 10. Nbd2 Kh7 11. Qc2 Nh5 12. Rad1 Nf4 13. Nf1 Bg4 14. Re3 Qf6 15.
Rd2 h5 16. d4 Bh6 17. dxe5 dxe5 18. Ne1 h4 19. Bc1 h3 20. Rg3 Bc8 21. Ne3 Nxg2
22. N1xg2 hxg2 23. Nd5 Qh4 24. Rdd3 Bf4 25. Nxf4 exf4 26. Rgf3 g5 27. Rd5 Kg7
28. Kxg2 Bg4 29. Rfd3 Rh8 30. Kf1 Rh5 31. f3 Bh3+ 32. Ke2 Be6 33. Kf1 Bxd5 34.
Rxd5 Rd8 35. Rxc5 Qxh2 36. Rxg5+ Kf8 37. Qxh2 Rxh2 38. Ke1 Rh1+ 39. Bf1 Rxf1+
40. Kxf1 Rd1+ 41. Ke2 Rxc1 42. Kd2 Rf1 43. Ke2 Ra1 44. Rf5 Rxa2+ 45. Kd3 Ra5
46. Rxf4 Rh5 47. Ke3 Ke7 48. Rg4 a5 49. c4 Kf6 50. Rg3 Rh1 51. f4 Rb1 52. e5+
Kf5 53. Rg5+ Ke6 54. Ke4 Rxb3 55. f5+ Ke7 56. f6+ Ke6 57. Rg8 Nxe5 58. Re8+
Kxf6 59. Rxe5 Re3+ 0-1

[Event "4NCL Division 3s"]
[Site "Daventry Court ENG"]
[Date "2013.11.16"]
[Round "1.228"]
[White "Howell, Chris I"]
[Black "Stimpson, Philip M"]
[Result "1/2-1/2"]
[WhiteElo "2039"]
[BlackElo "2007"]
[PlyCount "37"]
[EventDate "2013.11.16"]
[WhiteTeam "Sussex Smart Survivors 1"]
[BlackTeam "Guildford 4"]

1. e4 c5 2. a3 e6 3. b4 cxb4 4. axb4 Bxb4 5. Bb2 Nf6 6. e5 Nd5 7. c4 Ne7 8. Qg4
O-O 9. Nc3 Bxc3 10. Bxc3 Nbc6 11. Nf3 Ng6 12. Bd3 d6 13. Qh5 dxe5 14. Be4 f5
15. Ng5 h6 16. Qxg6 Qxg5 17. Qxg5 hxg5 18. Bxc6 bxc6 19. Bxe5 1/2-1/2

[Event "4NCL Division 3s"]
[Site "Daventry Court ENG"]
[Date "2013.11.16"]
[Round "1.229"]
[White "Singleton, Michael PF"]
[Black "Higgs, Anthony RJ"]
[Result "0-1"]
[WhiteElo "2135"]
[BlackElo "1991"]
[PlyCount "64"]
[EventDate "2013.11.16"]
[WhiteTeam "Guildford 4"]
[BlackTeam "Sussex Smart Survivors 1"]

1. d4 Nf6 2. c4 c5 3. d5 e5 4. Nc3 d6 5. e4 Be7 6. g3 Na6 7. f3 Nc7 8. a4 b6 9.
Bh3 h5 10. Bxc8 Qxc8 11. Nge2 a6 12. Be3 h4 13. Kd2 Rb8 14. g4 Nh7 15. h3 Qd8
16. f4 exf4 17. Nxf4 Bf6 18. Nd3 O-O 19. Qf3 Qe7 20. Rhe1 Ng5 21. Bxg5 Bxg5+
22. Kc2 b5 23. cxb5 axb5 24. e5 Qd7 25. exd6 Qxd6 26. Re5 c4 27. Rxg5 cxd3+ 28.
Qxd3 bxa4 29. Rxa4 Qh2+ 30. Ne2 Rfe8 31. Kd1 Rxb2 32. Re4 Qh1+ 0-1

[Event "4NCL Division 3s"]
[Site "Daventry Court ENG"]
[Date "2013.11.16"]
[Round "1.230"]
[White "Payne, Matthew J"]
[Black "Armour, Philip"]
[Result "1-0"]
[WhiteElo "1944"]
[BlackElo "1891"]
[PlyCount "71"]
[EventDate "2013.11.16"]
[WhiteTeam "Sussex Smart Survivors 1"]
[BlackTeam "Guildford 4"]

1. e4 c5 2. Nc3 e6 3. f4 d5 4. Nf3 Nc6 5. Bb5 d4 6. Ne2 Bd7 7. O-O Nf6 8. d3
Na5 9. Bxd7+ Qxd7 10. f5 exf5 11. Ne5 Qc7 12. Rxf5 Bd6 13. Bf4 O-O-O 14. Qe1 b6
15. Qg3 Rhg8 16. Nxf7 Bxf4 17. Qxf4 Qxf7 18. e5 Qe6 19. exf6 Qxe2 20. Re5 Qxc2
21. Re7 Rd7 22. Rxd7 Kxd7 23. Qf5+ Kc7 24. Qe5+ Kb7 25. Qd5+ Ka6 26. Qxg8 gxf6
27. a4 Nb3 28. Qc8+ Ka5 29. Qe8 Qxd3 30. Qe1+ Ka6 31. Qf1 Qxf1+ 32. Rxf1 d3 33.
Rxf6 d2 34. Rf1 Ka5 35. Rd1 Nd4 36. Kf2 1-0

[Event "4NCL Division 3s"]
[Site "Daventry Court ENG"]
[Date "2013.11.16"]
[Round "1.235"]
[White "Sully, David J"]
[Black "Basham, Edward P"]
[Result "1-0"]
[WhiteElo "2118"]
[BlackElo "1878"]
[PlyCount "73"]
[EventDate "2013.11.16"]
[WhiteTeam "The Full Ponty"]
[BlackTeam "Bucks Juniors"]

1. e4 e6 2. d4 d5 3. e5 c5 4. c3 Qb6 5. Nf3 Nc6 6. a3 a5 7. Bd3 Bd7 8. Bc2 Rc8
9. O-O cxd4 10. cxd4 f6 11. Nc3 fxe5 12. dxe5 g6 13. Re1 Nd8 14. Rb1 Ne7 15.
Nd4 Bg7 16. Bg5 Rc4 17. Be3 Bxe5 18. Nf3 Qc7 19. Nxe5 Qxe5 20. Bc5 Qxe1+ 21.
Qxe1 Rxc5 22. Qe5 O-O 23. Qd6 Rc6 24. Qxe7 d4 25. Qxd7 dxc3 26. bxc3 Rxc3 27.
Bb3 Rc6 28. a4 Rb6 29. Qc7 Rc6 30. Qxa5 Nf7 31. h4 Nh6 32. Re1 Re8 33. Qb5 Nf5
34. Qxb7 Rd6 35. a5 Re7 36. Qb8+ Kf7 37. f4 1-0

[Event "4NCL Division 3s"]
[Site "Daventry Court ENG"]
[Date "2013.11.16"]
[Round "1.236"]
[White "Watson, Darrell A"]
[Black "Perrett, David C"]
[Result "0-1"]
[WhiteElo "1711"]
[BlackElo "1970"]
[PlyCount "102"]
[EventDate "2013.11.16"]
[WhiteTeam "Bucks Juniors"]
[BlackTeam "The Full Ponty"]

1. Nf3 f5 2. b3 Nf6 3. Bb2 d6 4. g3 e5 5. Bg2 Nbd7 6. c4 g6 7. d3 Bg7 8. d4 e4
9. Ng5 Qe7 10. O-O Ng4 11. f3 Ne3 12. Qd2 Nxf1 13. Bxf1 e3 14. Qa5 Qxg5 15.
Qxc7 Qe7 16. Qa5 O-O 17. Na3 Nf6 18. Rd1 b6 19. Qe1 g5 20. Nc2 f4 21. g4 Bb7
22. d5 Nd7 23. Bxg7 Qxg7 24. Nd4 Qf6 25. Nf5 a5 26. h4 h6 27. Bh3 Nc5 28. Kh2
Bc8 29. Nd4 Rf7 30. h5 Rb7 31. Qc3 Nd7 32. Qc2 Ne5 33. Nb5 Bd7 34. Nc3 a4 35.
Ne4 Qe7 36. b4 Re8 37. c5 bxc5 38. bxc5 dxc5 39. d6 Qg7 40. Nc3 Bc6 41. Qf5 Rd8
42. Qe6+ Nf7 43. Qc4 Rbd7 44. Ne4 Qe5 45. Nxc5 Rxd6 46. Rc1 Rd2 47. Bg2 Qd5 48.
Qc3 Qd4 49. Qa5 Rxe2 50. Kh3 Rxg2 51. Ne6 Rg3+ 0-1

[Event "4NCL Division 3s"]
[Site "Daventry Court ENG"]
[Date "2013.11.16"]
[Round "1.245"]
[White "Zhang, Anthony Y"]
[Black "Smith, Graham M"]
[Result "1-0"]
[WhiteElo "1872"]
[BlackElo "2057"]
[PlyCount "63"]
[EventDate "2013.11.16"]
[WhiteTeam "Sandhurst Scorpions"]
[BlackTeam "MK Phoenix 2"]

1. d4 Nf6 2. Nf3 e6 3. c4 Bb4+ 4. Bd2 Qe7 5. g3 Nc6 6. Bg2 Bxd2+ 7. Nbxd2 d6 8.
O-O O-O 9. e4 e5 10. d5 Nb8 11. b4 Bd7 12. Qe2 c6 13. dxc6 bxc6 14. Qd3 Na6 15.
a3 Nc7 16. Rfd1 Rfd8 17. Nb3 Bg4 18. Na5 Qe8 19. Nb7 d5 20. Nxd8 dxe4 21. Qd6
exf3 22. Qxc7 fxg2 23. Nxc6 Bxd1 24. Rxd1 h5 25. Kxg2 Qe6 26. Nxe5 Re8 27. Rd8
Rxd8 28. Qxd8+ Kh7 29. Qd4 Ng4 30. Nxg4 hxg4 31. Qd3+ g6 32. c5 1-0

[Event "4NCL Division 3s"]
[Site "Daventry Court ENG"]
[Date "2013.11.16"]
[Round "1.248"]
[White "Majer, Chris E"]
[Black "Golding, James"]
[Result "1-0"]
[WhiteElo "2001"]
[BlackElo "1499"]
[PlyCount "77"]
[EventDate "2013.11.16"]
[WhiteTeam "MK Phoenix 2"]
[BlackTeam "Sandhurst Scorpions"]

1. e4 e5 2. Bc4 Nf6 3. d4 exd4 4. Nf3 Nc6 5. e5 d5 6. Bb5 Ne4 7. Nxd4 Bd7 8.
Bxc6 bxc6 9. O-O Bc5 10. f3 Ng5 11. f4 Ne4 12. Be3 Rb8 13. Nd2 Nxd2 14. Qxd2
Bb6 15. Nb3 O-O 16. f5 Qe7 17. Rae1 Rfe8 18. f6 gxf6 19. Bxb6 cxb6 20. exf6 Qf8
21. Qf4 Rbc8 22. Rxe8 Bxe8 23. Qf5 Rc7 24. Rf3 Bd7 25. Rg3+ Kh8 26. Qf4 Rb7 27.
Rg7 Qe8 28. Nd2 Qe1+ 29. Nf1 Bc8 30. Qg5 Qe8 31. Qh5 Qe4 32. Rxf7 Rxf7 33. Qxf7
Qg6 34. Qe7 Kg8 35. Qd8+ Kf7 36. Qxc8 Qxf6 37. Qd7+ Kg6 38. Qg4+ Kf7 39. Qf3
1-0

[Event "4NCL Division 3s"]
[Site "Daventry Court ENG"]
[Date "2013.11.16"]
[Round "1.249"]
[White "Samadov, Samir"]
[Black "Elwin, Adrian G"]
[Result "1/2-1/2"]
[WhiteElo "1594"]
[BlackElo "1963"]
[PlyCount "31"]
[EventDate "2013.11.16"]
[WhiteTeam "Sandhurst Scorpions"]
[BlackTeam "MK Phoenix 2"]

1. e4 c6 2. d4 d5 3. exd5 cxd5 4. c4 Nf6 5. Nc3 e6 6. cxd5 exd5 7. Nf3 Be7 8.
Bd3 O-O 9. h3 Nc6 10. O-O h6 11. Re1 Be6 12. Bf4 Rc8 13. a3 Bd6 14. Bxd6 Qxd6
15. Bc2 Rfe8 16. Qd2 1/2-1/2

[Event "4NCL Division 3s"]
[Site "Daventry Court ENG"]
[Date "2013.11.16"]
[Round "1.255"]
[White "Horton, Jamie A"]
[Black "Ogunshola, Ben"]
[Result "1-0"]
[WhiteElo "2011"]
[BlackElo "2173"]
[PlyCount "74"]
[EventDate "2013.11.16"]
[WhiteTeam "3Cs 2"]
[BlackTeam "The Pitstop"]

1. e4 d6 2. d4 Nf6 3. Nc3 g6 4. Be3 c6 5. h3 b5 6. Bd3 e5 7. Nf3 Qc7 8. O-O Bg7
9. Ne2 O-O 10. c3 Nbd7 11. Ng3 a6 12. Qc1 Re8 13. Re1 Bb7 14. Bh6 Bh8 15. Bg5
d5 16. dxe5 Nxe4 17. Nxe4 dxe4 18. Bxe4 Nxe5 19. Nxe5 Bxe5 20. Bf3 Re6 21. Qd2
Rae8 22. Rad1 h5 23. Kf1 Bc8 24. Kg1 a5 25. Kf1 a4 26. Kg1 a3 27. b4 Kg7 28.
Bh6+ Kh7 29. Bg5 Rd6 30. Qc1 Rde6 31. Qxa3 Bh2+ 32. Kf1 Rxe1+ 33. Rxe1 Rxe1+
34. Kxe1 Qe5+ 35. Be3 Bf4 36. Qc1 Be6 37. a3 Bd7 1-0

[Event "4NCL Division 3s"]
[Site "Daventry Court ENG"]
[Date "2013.11.16"]
[Round "1.11"]
[White "Balouka-Myers, Reuben"]
[Black "Amato, Giampiero"]
[Result "0-1"]
[WhiteElo "1544"]
[BlackElo "2016"]
[PlyCount "32"]
[EventDate "2013.11.16"]
[WhiteTeam "Barnet Knights 2"]
[BlackTeam "BCM Hippos (3)"]

1. e4 e5 2. Nf3 Nf6 3. Nc3 Nc6 4. Bb5 Nd4 5. Bc4 Bc5 6. d3 d6 7. Bg5 Bg4 8. Nd5
c6 9. Nxf6+ gxf6 10. Be3 Qb6 11. Rb1 Nxf3+ 12. gxf3 Bxe3 13. fxg4 Bxf2+ 14. Kf1
Bh4 15. Qd2 Ke7 16. Qh6 Qf2# 0-1